| 000 | 00538cam a2200205ua 4500 | ||
|---|---|---|---|
| 020 |
_a81 86231 36 3 _c595.00 |
||
| 041 |
_aeng _h |
||
| 082 |
_a631.5875 _bHOO/IR |
||
| 100 | _aHooja, . | ||
| 245 |
_aIrrigation ,agriculture and social development / _cHooja. _hTextual Documents |
||
| 260 |
_aNew Delhi : _bHimanshu Publications , _c1997. |
||
| 300 | _a224 ; . | ||
| 365 | _a595.00 | ||
| 504 | _a | ||
| 700 | 1 | _aBower Rod, . | |
| 700 | 1 | _aMundra, S N . | |
| 700 | 1 | _aRakesh, . | |
| 942 | _cBK | ||
| 999 |
_c2813 _d2813 |
||